| 000 | 01241nam a2200301 a 4500 | ||
|---|---|---|---|
| 001 | BRL_1669 | ||
| 005 | 20190320211321.0 | ||
| 008 | 230414s1981----mx-a######---#000-0#spa-# | ||
| 020 | _a9681606671 | ||
| 041 | _aspa | ||
| 044 | _amx | ||
| 050 | 4 |
_aZ1412 _b.G37 1981 |
|
| 100 | 1 |
_aGarcía Icazbalceta, Joaquín _d1825-1894 _98117 |
|
| 245 | 1 | 0 |
_aBibliografía mexicana del siglo XVI _bcatálogo razonado de libros impresos en México de 1539 1600 con biografías de autores y otras ilustraciones, precedido de una noticia acerca de la introducción de la imprenta en México _cpor Joaquín García Izcazbalceta ; nueva edición por Agustín Millares Carlo. |
| 250 | _a2a ed. revisada y aumentada | ||
| 260 |
_aMéxico _bFondo de Cultura Económica _c1981 |
||
| 300 |
_a591 p. _bil. _c28 cm. |
||
| 440 | 0 |
_aBiblioteca Americana. Serie Literatura Moderna, Historia y biografía _927588 |
|
| 500 | _aAu1856 | ||
| 500 | _aIncluye índice analítico | ||
| 504 | _aBibliografía: p. 11-16 | ||
| 650 | 1 | 4 |
_aImprenta _xHistoria _zMéxico _95745 |
| 650 | 1 | 4 |
_aLiteratura mexicana _vBibliografía _98169 |
| 651 | 4 |
_aMéxico _vBibliografía _96829 |
|
| 700 | 1 |
_aMillares Carlo, Agustín _d1893-1980 _eed. _99063 |
|
| 902 | _aGRL | ||
| 942 |
_2lcc _cB |
||
| 999 |
_c10478 _d10478 |
||